000 01059nam a2200277Ia 4500
003 OSt
005 20221005110000.0
006 a|||||r|||| 00| 0
007 ta
008 221004b |||||||| |||| 00| 0 hin d
020 _a9788126045358 (hbk)
_cINR 280.00
024 _a37454
037 _bBW/1663, 14/03/2018, Bookwell
_cTextual
040 _aCRL
_cCRL
_bhin
041 _2hin
_ahin
082 _aO152,6N121x, Q4
100 _aजोशी, ज्योतिष, संपा.
245 0 _aकेदारनाथ अग्रवाल रचना संचयन
246 _aKedāranāth agravāl rachanā sanchayana
260 _aनई दिल्ली
_bसाहित्य अकादेमी भारत
_c2014
300 _a471पृ0
_ccm.
650 _a हिन्दी साहित्य
650 _aहिन्दी निबंध
942 _hO152,6N121x, Q4
_cTEXL
_2cc
999 _c1017422
_d1017422